Culture Générale - Série 198 - Statistiques

Statistiques générales
  • Ce quiz a été pris 241 fois
  • Le résultat moyen est 5 sur 10
Statistiques - réponses
Question Réponse % Correct
A quel temps est conjugé le verbe "plaire" dans : "Je plairai" ? Futur simple
97%
De quelle java Michel Sardou a-t-il fait un tube en 1977 ? La Java de Broadway
72%
En 1972, à qui doit-on le tube "C'est ma prière" ? Mike Brant
63%
De quel sport Christophe Tiozzo a-t-il été champion du monde de 1990 à 1991 ? Boxe
58%
Qui est indissociable de Vanzetti dans une célèbre affaire judiciaire ? Sacco
44%
Qui est le compositeur de la musique d' "Il était une fois la révolution" ? Ennio Morricone
42%
Quel "coup" a permis à Thierry Pastor de connaître le succès en 1982 ? Le Coup de folie
36%
Que "démarre" Gérard Blanc, selon le titre de son tube de 1987 ? Une autre histoire
31%
A qui doit-on le tube "Upside Down" en 1980 ? Diana Ross
27%
Dans la chanson de Philippe Lavil "Elle préfère l'amour en mer", elle balance entre Grenade et... Dominique
10%
Aucun quiz correspondant
Distribution des résultats
% des personnes avec chaque résultat
Percentile par nombre de réponses
Votre historique - résultats
Vous n’avez pas pris ce quiz